| 000 | 00832cam a2200265 i 4500 | ||
|---|---|---|---|
| 999 |
_c200446162 _d64374 |
||
| 003 | TR-AnTOB | ||
| 005 | 20220310143406.0 | ||
| 007 | ta | ||
| 008 | 220110b a|||| |||| 00| 0 eng d | ||
| 040 |
_aTR-AnTOB _beng _erda _cTR-AnTOB _dTR-AnTOB |
||
| 041 | 0 | _aeng | |
| 050 | 4 |
_bHD9240.4 _a.E97 1997 |
|
| 090 |
_aHD9240.4 _b.E97 1997 |
||
| 245 |
_aExporting fresh fruit and vegetables: _ba survey and marketing guide on the major markets in the European Union. |
||
| 264 | 1 |
_a[s.l.]: _bProtrade, _c1997 |
|
| 300 |
_airregular pages: _billustrations _c30 cm. |
||
| 336 |
_2rdacontent _atext _btxt |
||
| 337 |
_2rdamedia _aunmediated _bn |
||
| 338 |
_2rdacarrier _avolume _bnc |
||
| 650 | 0 |
_aFruit trade _9131038 |
|
| 650 | 0 |
_aVegetable trade _9130528 |
|
| 942 |
_2lcc _cBK |
||